000 00709nam a2200217 a 4500
001 000012128
005 20240502105558.0
008 091105s2002 dr 001 f spa d
020 _a9993432210
040 _aDO-SdBNP
_bspa
_cBNPHU
082 _aRD863.44
_bD542a, 2002
100 1 _aDíaz Grullón, Virgilio,
_d1924-2001
_9501
245 1 4 _aLos algorrobos también sueñan /
_cVirgilio Díaz Grullón.
260 _aSanto Domingo :
_bCole,
_c[2002?].
300 _a79 p. ;
_c22 cm.
586 _aPremio Nacional de Novela, 1977
590 _aInventariado, 2020/YL
650 0 _aNovela histórica dominicana.
_9860
650 0 _aLiteratura dominicana.
_967
910 _aValidado. Control de calidad MMOLINA
999 _c11793
_d11793